000 00714nam a2200241Ia 4500
003 OSt
005 20220918215817.0
006 a|||||r|||| 00| 0
007 ta
008 220917b |||||||| |||| 00| 0 eng d
024 _a142,765
037 _cTextual
040 _aARTS
_cARTS
_beng
041 _2eng
_aeng
082 _aY148.3W.2, K9
100 _aArora Satish K
_9135303
245 0 _aPolitical communication
_b The public language of political elites in India and the United States
260 _aNA
_bNA
_c1969
650 _aSOCIOLOGY
700 _a Lasswell Harold D
_950368
942 _hY148.3W.2, K9
_cTEXL
_2CC
999 _c265723
_d265723